The management of industrial pig production, (ការគ្រប់គ្រងការចិញ្ចឹមជ្រូកក្នុងកំរិតឧស្សាហកម្ម) (Record no. 1531)

000 -LEADER
fixed length control field 00552nam a22001577a 4500
003 - CONTROL NUMBER IDENTIFIER
control field OSt
005 - DATE AND TIME OF LATEST TRANSACTION
control field 20150930155008.0
008 - FIXED-LENGTH DATA ELEMENTS--GENERAL INFORMATION
fixed length control field 150930b xxu||||| |||| 00| 0 eng d
040 ## - CATALOGING SOURCE
Transcribing agency RUA
082 ## - DEWEY DECIMAL CLASSIFICATION NUMBER
Classification number AVM POL 1994 B067 Or.1
100 ## - MAIN ENTRY--PERSONAL NAME
9 (RLIN) 1622
Personal name POL REAKHETA
245 ## - TITLE STATEMENT
Title The management of industrial pig production, (ការគ្រប់គ្រងការចិញ្ចឹមជ្រូកក្នុងកំរិតឧស្សាហកម្ម)
260 ## - PUBLICATION, DISTRIBUTION, ETC. (IMPRINT)
Place of publication, distribution, etc. Phnom penh
Name of publisher, distributor, etc. RUA
Date of publication, distribution, etc. 1994
300 ## - PHYSICAL DESCRIPTION
Extent 57p.
Other physical details ill.
Dimensions 29cm.
942 ## - ADDED ENTRY ELEMENTS (KOHA)
Source of classification or shelving scheme
Koha item type AVM
Holdings
Price effective from Date last seen Permanent Location Not for loan Date acquired Source of classification or shelving scheme Koha item type Lost status Withdrawn status Date last checked out Total Checkouts Shelving location Damaged status Barcode Current Location Full call number
2015-09-302022-11-30Library Block B 2015-09-30 AVM  2022-10-317B067 RUA007541Library Block BAVM POL 1994 B067 Or.1
មជ្ឈមណ្ឌលឯការនៃសាកលវិទ្យាល័យភូមិន្ទកសិកម្មចំការដូង

Powered by Koha